Welcome to CU Library Online Public Access Catalogue (OPAC)

Management / (Record no. 9111)

MARC details
000 -LEADER
fixed length control field 01055cam a2200277 a 4500
001 - CONTROL NUMBER
control field 12528481
005 - DATE AND TIME OF LATEST TRANSACTION
control field 20260318173150.0
008 - FIXED-LENGTH DATA ELEMENTS--GENERAL INFORMATION
fixed length control field 010907s2002 nyua b 001 0 eng
020 ## - INTERNATIONAL STANDARD BOOK NUMBER
International Standard Book Number 0471435708
020 ## - INTERNATIONAL STANDARD BOOK NUMBER
International Standard Book Number 0471230634
Qualifying information cover
020 ## - INTERNATIONAL STANDARD BOOK NUMBER
International Standard Book Number 9780471435709
020 ## - INTERNATIONAL STANDARD BOOK NUMBER
International Standard Book Number 9780471230632
Qualifying information (cover)
050 00 - LIBRARY OF CONGRESS CALL NUMBER
Classification number HD31
Item number .S3325 2002
082 00 - DEWEY DECIMAL CLASSIFICATION NUMBER
Classification number 658
Edition information 21
100 1# - MAIN ENTRY--PERSONAL NAME
Personal name Schermerhorn, John R.
245 10 - TITLE STATEMENT
Title Management /
Statement of responsibility, etc. John R. Schermerhorn, Jr.
250 ## - EDITION STATEMENT
Edition statement 7th ed.
260 ## - PUBLICATION, DISTRIBUTION, ETC.
Place of publication, distribution, etc. New York :
Name of publisher, distributor, etc. Wiley,
Date of publication, distribution, etc. c2002.
300 ## - PHYSICAL DESCRIPTION
Extent 1 v. (various pagings) :
Other physical details col. ill. ;
Dimensions 29 cm.
500 ## - GENERAL NOTE
General note Various multi-media instructional aids, including Web sites, available to support the text.
650 #0 - SUBJECT ADDED ENTRY--TOPICAL TERM
Topical term or geographic name entry element Management.
856 42 - ELECTRONIC LOCATION AND ACCESS
Materials specified Publisher description
Uniform Resource Identifier <a href="http://www.loc.gov/catdir/description/wiley036/2001276491.html">http://www.loc.gov/catdir/description/wiley036/2001276491.html</a>
856 41 - ELECTRONIC LOCATION AND ACCESS
Materials specified Table of contents only
Uniform Resource Identifier <a href="http://www.loc.gov/catdir/toc/wiley021/2001276491.html">http://www.loc.gov/catdir/toc/wiley021/2001276491.html</a>
856 42 - ELECTRONIC LOCATION AND ACCESS
Materials specified Contributor biographical information
Uniform Resource Identifier <a href="http://www.loc.gov/catdir/enhancements/fy0611/2001276491-b.html">http://www.loc.gov/catdir/enhancements/fy0611/2001276491-b.html</a>
942 ## - ADDED ENTRY ELEMENTS (KOHA)
Source of classification or shelving scheme Library of Congress Classification
Koha item type Books
Edition 7th ed.
Suppress in OPAC No
999 ## -
-- 9111
-- 9111
Holdings
Withdrawn status Lost status Source of classification or shelving scheme Damaged status Not for loan Collection Home library Current library Shelving location Date acquired Total checkouts Full call number Barcode Date last seen Copy number Price effective from Koha item type
    Library of Congress Classification     Non-fiction Business Library (Miotso) Business Library (Miotso) General stacks 03/18/2026   HD31 .S3325 2002 BSSM00002883 03/18/2026 1 03/18/2026 Books
© 2023-2024 Copyright: Central University Libraries. All Rights Reserved | Created by: Mahone Tech Office